00723 2200265 4500001002100000005001700021008004100038020002200079035002400101040001200125041000800137082001000145090001600155100001500171245003400186250001700220260002800237300003500265504003000300600005700330650002200387990001600409990001600425990001600441YOGYA-0113000000110720130117094850.0 ind  a978-979-29-2761-0 0010-011300000001107 aYOPDYOG aInd a006.3 a006.3 Sut K aSUTOJO, T. aKecerdasan buatancSUTOJO, T. aCet.1 ; Ed.1 aYogyakart abAndic2011 aX,470 hlmbilusc23 cm (3 eks) aBibliografi: hlm. 467-470 aEdy Mulyanto ; Vincent Suhartono ; Benedicta Rini W. aKecerdasan Buatan a397-PD/B.12 a398-PD/B.12 a399-PD/B.12